[Event "Edinburgh"]
[Site "Edinburgh"]
[Date "2003.04.11"]
[Round "7"]
[White "Grassie, Duncan"]
[Black "Kues, Jarl Hendrik"]
[Result "1-0"]
[WhiteElo "1981"]
[BlackElo "2206"]
[PlyCount "73"]
[EventDate "2003.04.??"]
[EventType "tourn"]
[EventRounds "9"]
[EventCountry "SCO"]
[SourceTitle "EXT 2006"]
[Source "ChessBase"]
[SourceDate "2005.11.24"]
[SourceVersion "1"]
[SourceVersionDate "2005.11.24"]
[SourceQuality "1"]

1. d4 c6 2. Bg5 Qb6 3. b3 d5 4. Nf3 h6 5. Bh4 Nf6 6. Bxf6 exf6 7. e3 Bd6 8. Bd3 Na6 9. c3 Be6 10. Nbd2 Rc8 11. 0-0 Qc7 12. Rc1 g5 13. e4 g4 14. exd5 cxd5 15. Nh4 Bxh2+ 16. Kh1 Bf4 17. Re1 Rg8 18. Bf5 Bg5 19. Bxg4 Bxd2 20. Bxe6 fxe6 21. Qxd2 Kf7 22. c4 dxc4 23. Rxc4 Qd7 24. Qd3 Rxc4 25. bxc4 Nb4 26. Qh7+ Rg7 27. Qxh6 Nc2 28. Qh5+ Kg8 29. Re4 Nxd4 30. Rg4 f5 31. Rg6 Rxg6 32. Qxg6+ Qg7 33. Qe8+ Kh7 34. Kg1 Nc6 35. Qxe6 Qa1+ 36. Kh2 Qxa2 37. Qf7+ 1-0